00634nam a2200205 a 4500008004100000020002400041100002200065245005400087250002800141260004400169300004500213504004100258500002000299650004500319700002000364710001700384003000100401005001700402040000900419  a0669069213 (cased.)1 aMcLaren, James E.10aHeath biology /cJames E. McLaren, Lissa Rotundo. aTeacher's annotated ed. aLexington, Mass. :bD.C. Heath,cc1985. aix, 790 p. :bill. (some col.) ;c24 cm. aIncludes bibliographical references. aIncludes index. 0aBiologyxStudy and teaching (Secondary).1 aRotundo, Lissa.2 aHeath, D.C. 20230123133601.0 cNUST